000 00654nam a2200181 a 4500
999 _c4487
_d4487
005 20180814162932.0
008 140115b ck ||||| |||| 00| 0 spa d
040 _aCO-BoIAVH
_cCO-BoIAVH
041 _aspa
090 _aEA
_b00058
110 2 _bFundación para la Información, Educación y Conservación de los Recursos Naturales
245 1 3 _aEl encanto de las mariposas de Colombia
260 _aBogotá :
_bRENASER,
_c[199?].
300 _a64 páginas :
_bilustraciones (algunas a color) y láminas ;
_c34 x 28 cm.
650 2 4 _aMariposas
_xTaxonomía
_vAlbum
650 2 6 _aLepidoptera
_vTaxonomía
_xAlbum
942 _cLIBRO
_2z